I pipans vänkrets : (Post nr. 57267)
[ visa ren ]
| 000 -LEADER | |
|---|---|
| fixed length control field | 03178cam a2200937 a 4500 |
| 001 - CONTROL NUMBER | |
| control field | 9496718 |
| 003 - CONTROL NUMBER IDENTIFIER | |
| control field | LIBRIS |
| 005 - DATE AND TIME OF LATEST TRANSACTION | |
| control field | 20210331105545.0 |
| 008 - FIXED-LENGTH DATA ELEMENTS--GENERAL INFORMATION | |
| fixed length control field | 040513s2004 sw |||| |00| 0 swe |
| 020 ## - INTERNATIONAL STANDARD BOOK NUMBER | |
| International Standard Book Number | 9172035714 (korr.) (inb.) |
| Canceled/invalid ISBN | 91-7203-5714 |
| 035 ## - SYSTEM CONTROL NUMBER | |
| System control number | (Bo)358102 |
| 035 ## - SYSTEM CONTROL NUMBER | |
| System control number | (Mo)b1538869 |
| 040 ## - CATALOGING SOURCE | |
| Original cataloging agency | LGEN |
| Modifying agency | NB |
| -- | Hsd |
| 082 #4 - DEWEY DECIMAL CLASSIFICATION NUMBER | |
| Classification number | 688.42 |
| Edition number | 23/swe |
| 084 ## - OTHER CLASSIFICATION NUMBER | |
| Classification number | Pmbab |
| Number source | kssb/7 |
| 084 ## - OTHER CLASSIFICATION NUMBER | |
| Classification number | Pmbab |
| Number source | kssb/8 |
| 100 1# - MAIN ENTRY--PERSONAL NAME | |
| Personal name | Jansson, Anders, |
| Dates associated with a name | 1959- |
| Authority record control number or standard number | 245485 |
| 245 10 - TITLE STATEMENT | |
| Title | I pipans vänkrets : |
| Remainder of title | en bok om pipor och piprökning / |
| Statement of responsibility, etc. | Anders Jansson & Erik Lindfelt |
| 260 ## - PUBLICATION, DISTRIBUTION, ETC. | |
| Place of publication, distribution, etc. | Stockholm : |
| Name of publisher, distributor, etc. | Carlsson, |
| Date of publication, distribution, etc. | 2004 |
| Place of manufacture | (Vellinge : |
| Manufacturer | Skogs rulloffset) |
| 300 ## - PHYSICAL DESCRIPTION | |
| Extent | 192 s. : |
| Other physical details | ill. (vissa i färg) ; |
| Dimensions | 27 cm |
| 546 ## - LANGUAGE NOTE | |
| Language note | svenska |
| 650 #7 - SUBJECT ADDED ENTRY--TOPICAL TERM | |
| Topical term or geographic name entry element | Tobak |
| General subdivision | pipor |
| Source of heading or term | sao |
| 650 #7 - SUBJECT ADDED ENTRY--TOPICAL TERM | |
| Topical term or geographic name entry element | Tobakspipor |
| Source of heading or term | sao |
| Authority record control number or standard number | 156565 |
| 650 #7 - SUBJECT ADDED ENTRY--TOPICAL TERM | |
| Topical term or geographic name entry element | Tobaksrökning |
| Source of heading or term | sao |
| Authority record control number or standard number | 158603 |
| 650 #7 - SUBJECT ADDED ENTRY--TOPICAL TERM | |
| Topical term or geographic name entry element | Etnobotanik |
| Source of heading or term | sao |
| Authority record control number or standard number | 144442 |
| 650 #0 - SUBJECT ADDED ENTRY--TOPICAL TERM | |
| Topical term or geographic name entry element | Ethnobotany |
| 650 #0 - SUBJECT ADDED ENTRY--TOPICAL TERM | |
| Topical term or geographic name entry element | Smoking |
| 650 #0 - SUBJECT ADDED ENTRY--TOPICAL TERM | |
| Topical term or geographic name entry element | Tobacco pipes |
| 650 #7 - SUBJECT ADDED ENTRY--TOPICAL TERM | |
| Topical term or geographic name entry element | Tobaksrökning |
| Source of heading or term | sao |
| 650 #7 - SUBJECT ADDED ENTRY--TOPICAL TERM | |
| Topical term or geographic name entry element | Tobakspipor |
| Source of heading or term | sao |
| 653 ## - INDEX TERM--UNCONTROLLED | |
| Uncontrolled term | Tobak |
| 653 ## - INDEX TERM--UNCONTROLLED | |
| Uncontrolled term | Tobaksvaror |
| 653 ## - INDEX TERM--UNCONTROLLED | |
| Uncontrolled term | Pipor |
| 655 #4 - INDEX TERM--GENRE/FORM | |
| Institution to which field applies | Mo |
| Genre/form data or focus term | Bok |
| 700 1# - ADDED ENTRY--PERSONAL NAME | |
| Personal name | Lindfelt, Erik, |
| Dates associated with a name | 1959- |
| Authority record control number or standard number | 212169 |
| 942 ## - ADDED ENTRY ELEMENTS (KOHA) | |
| Source of classification or shelving scheme | Other/Generic Classification Scheme |
| Koha item type | Bok |
| Withdrawn status | Lost status | Source of classification or shelving scheme | Damaged status | Not for loan | Home library | Current library | Date acquired | Total Checkouts | Full call number | Barcode | Date last seen | Price effective from | Koha item type |
|---|---|---|---|---|---|---|---|---|---|---|---|---|---|
| Other/Generic Classification Scheme | Karlskoga Lasarettsbibliotek | Karlskoga Lasarettsbibliotek | 31/03/2021 | P | 89016512198A0 | 31/03/2021 | 31/03/2021 | Bok |